MARC
| LEADER | 00000cam a2200000 7i4500 | ||
|---|---|---|---|
| 001 | 0000012648 | ||
| 005 | 20071227.0 | ||
| 008 | 071227 | ||
| 020 | |a 9835202400 | ||
| 090 | 0 | 0 | |a 297.44 |b OTH |
| 100 | 0 | |a Othman Napiah | |
| 245 | 1 | 0 | |a Ahwal dan Maqamat dalam Ilmu Tasawuf |c Othman Napiah |
| 260 | |a Johor : |b UTM , |c 2004 | ||
| 650 | 0 | |a Islam |x Doctrines | |
| 650 | 0 | |a Sufism | |
| 710 | 0 | |a Title | |
| 999 | |a 0001009882 |b Book |c Adult Collection |e Perbadanan Perpustakaan Awam Johor | ||